| 000 | 00639nam a2200217Ia 4500 | ||
|---|---|---|---|
| 005 | 20250508164137.0 | ||
| 008 | 008 250505s9999 xx 000 0 eng d | ||
| 020 | _a1-4051-2968-9 | ||
| 037 | _aReference | ||
| 040 |
_aFEDL _beng _cFEDL |
||
| 041 |
_aeng _2eng |
||
| 084 |
_a370.19, LEO _qFEDL |
||
| 100 |
_aLeonardo Zeus Ed. _9295707 |
||
| 245 | 0 | _aCritical pedagogy and race | |
| 260 |
_aOxford, UK _bBlackwell _c2005 |
||
| 300 | _axv,232p. | ||
| 365 |
_aGBP _b19.99 |
||
| 650 |
_aCritical pedagogy; Education - Philosophy; Education - Sociology _9777464 |
||
| 942 |
_cREF _h370.19, LEO |
||
| 999 |
_c1387300 _d1387300 |
||